000 00673nam a2200205Ia 4500
003 GCL
005 20240530102039.0
008 140319s1994 le 000 0 ara d
040 _aGCL /
_cGCL
082 0 4 _a320.956/
_bأ ث
100 0 _aانيس صايغ
245 1 0 _a13 ايلول /
_cانيس صايغ
260 _aبيروت :
_bمكتبة بيان ،
_c1994
300 _a356 ص. ؛
_e24 سم
650 0 7 _2qrmak
_aالنزاع العربى الاسرائيلى
650 0 7 _2qrmak
_aمنظمة التحرير الفلسطينية
650 0 7 _2qrmak
_aالقضية الفلسطينية
650 0 7 _2qrmak
_aاتفاقية غزة اريحا
942 _2ddc
_cBK
999 _c29411
_d29411